000 00302nam a22001337a 4500
008 170126b xxu||||| |||| 00| 0 eng d
020 _a9780763777807
041 _aeng
080 _22ND
_a61
100 _a3
101 _aMED
245 _aOSTEOPOROSIS AND OSTEOPENIA
_cALEXANDER, I.M
942 _2udc
_cBK
999 _c3801
_d3801